Statistics for Země střední Ameriky s mapou - 15 sekundový sprint

Click here to take the quiz!

General Stats

  • This quiz has been taken 466 times
  • The average score is 4 of 7

Answers on the Map

Answers color-coded by a green-red scale on the quiz's map according to % correct below.
 

Answer Stats

země% Correct
Panama
84%
Honduras
73%
Guatemala
53%
Belize
50%
Kostarika
47%
Nikaragua
46%
Salvador
38%

Score Distribution

Percentile by Number Answered

Percent of People with Each Score

Your Score History

You have not taken this quiz